[Event "Marienbad IM-II 2022"]
[Site "Marianske Lazne"]
[Date "2022.01.20"]
[Round "7.17"]
[White "Meszaros, Andras"]
[Black "Bomans, Arno"]
[Result "0-1"]
[WhiteElo "2205"]
[BlackElo "2246"]
[Annotator "TA"]
[PlyCount "90"]
[EventDate "2022.01.15"]
[EventType "tourn"]
[EventCountry "CZE"]
[SourceTitle "playchess.com"]
[Source "ChessBase"]
[SourceQuality "1"]

{[%evp 12,90,13,-40,-34,-56,-7,-6,10,3,0,3,10,-12,-12,-22,-11,-59,-60,-53,-52,-100,-102,-97,-95,-103,-89,-104,-83,-84,-90,-93,-89,-101,-106,-106,-108,-108,-101,-103,-113,-121,-122,-148,-154,-154,-149,-150,-147,-154,-148,-175,-182,-162,-187,-187,-166,-165,-141,-187,-162,-188,-189,-198,-197,-212,-212,-338,-330,-338,-283,-283,-261,-638,-541,-29966,-29968,-29967,-29968,-6079,-5057]} 1. d4 Nf6 2. Nf3 g6 3. Bf4 Bg7 4. h3 O-O 5. e3 d6 6. c4 c5 7. Be2 (7. Nc3 $11) 7... Qb6 {A48: 1 d4 Nf6 2 Nf3 g6: Torre, London and Colle Systems.} 8. Qb3 Qxb3 (8... Nc6 $15) 9. axb3 $11 Nc6 {The position is equal.} 10. dxc5 dxc5 11. Nc3 {[#] Prevents Ne4.} b6 $146 ({Predecessor:} 11... Bf5 12. g4 Bd7 13. Ne5 Nxe5 14. Bxe5 Bc6 15. O-O Ne4 16. Bxg7 Kxg7 17. Nxe4 Bxe4 {½-½ (24) Lechermann,M (2064)-Terzic,S (2150) Germany 2017}) 12. O-O Bb7 13. Rfd1 Na5 14. Ra3 (14. Nb5 $11) 14... Rfd8 $15 15. Rxd8+ Rxd8 16. Nb5 {[#]} (16. Be5 $15) 16... Ne4 $1 $17 17. Nxa7 Bxb2 18. Ra2 Bf6 {...Nc3 is the strong threat. Black is more active.} 19. Bc7 {[%csl LRb6,LRd8]} Rd7 20. Nb5 Nxb3 21. Ra7 Bc6 22. Bxb6 {[#]} Nc1 $1 23. Kf1 Nxe2 24. Rxd7 {[#] Hoping for Rd8+.} N2g3+ $1 {[%mdl 512]} 25. fxg3 Bxd7 26. Ke1 Be6 27. Nd2 Nxd2 ({Not} 27... Nxg3 28. Nc7 $11) 28. Kxd2 Bxc4 {[%mdl 4096] Endgame KBB-KBN} 29. Nc3 Bf1 30. Nd5 Be5 ({Weaker is} 30... Bxg2 31. Nxf6+ exf6 32. h4 $17) 31. Nxe7+ Kg7 32. Ke1 Bxg2 33. Kf2 Bxh3 {aiming for ...Bd6.} 34. Bxc5 Kf6 35. Nd5+ (35. e4 $17 {is a better defense.}) 35... Kf5 $19 36. Nf4 Bg4 37. Nd3 Bc7 {This bishop pair is nice.} 38. Bd4 Bd1 39. Kg2 (39. Nc5 $142) 39... Bc2 40. Nf2 h5 {Inhibits g4+.} 41. Bc3 g5 {[%cal Bg6g5,Bg5g4][%mdl 32]} 42. Bd2 $2 (42. Bd4) 42... Be4+ 43. Nxe4 Kxe4 44. Kf2 Kd3 45. Bc1 g4 {Weighted Error Value: White=0.35/Black=0.04 (flawless)} 0-1

[Event "Marienbad IM-II 2022"]
[Site "Marianske Lazne"]
[Date "2022.01.20"]
[Round "7.18"]
[White "Ochedzan, Tymon"]
[Black "Michalek, Jan"]
[Result "0-1"]
[WhiteElo "2350"]
[BlackElo "2240"]
[Annotator "TA"]
[PlyCount "76"]
[EventDate "2022.01.15"]
[EventType "tourn"]
[EventCountry "CZE"]
[SourceTitle "playchess.com"]
[Source "ChessBase"]
[SourceQuality "1"]

{[%evp 21,76,35,25,39,27,0,-4,-36,-50,-38,-38,-41,-56,-76,-29,-69,-39,-48,-8,-43,-44,-71,-18,-30,-16,-69,-63,-83,-97,-202,-183,-165,-83,-71,112,11,74,73,66,-205,-187,-2152,-1925,-29994,-5658,-5525,-5119,-2465,-2239,-29986,-29987,-29990,-29989,-29991,-29991,-29991,-29992]} 1. e4 c5 2. Nf3 {[%cal Bg1f3,Bf3d4,Bd4b5][%mdl 32]} Nc6 3. d4 cxd4 4. Nxd4 Nf6 5. Nc3 e5 6. Ndb5 d6 7. Bg5 a6 8. Na3 b5 9. Bxf6 gxf6 10. Nd5 Bg7 11. g3 Ne7 12. Nxe7 {B33: Sicilian: Pelikan and Sveshnikov Variations.} Qxe7 13. c4 {[%cal Bc2c4,Bc4b5][%mdl 32]} O-O {[#]} 14. cxb5 $146 {The position is equal.} ({Predecessor:} 14. Bg2 bxc4 15. Nxc4 d5 16. Ne3 d4 17. Nd5 Qd6 18. O-O Rb8 19. Rb1 Rd8 20. Qh5 {0-1 (29) Casares Bonals,A (1772)-Gomez Jurado,L (2185) Llinars del Valles 2021}) 14... d5 15. Bg2 dxe4 16. O-O f5 17. Re1 Rb8 (17... Be6 $17 18. Qh5 Qf6) 18. Bf1 axb5 (18... f4 {with more complications.} 19. Nc4 e3 20. Qd6 exf2+ 21. Kxf2 Qb7) 19. Nxb5 Be6 20. Qe2 Rfd8 21. Rec1 Rd3 ({Better is} 21... Bh6 $17 22. Rc2 Rb7) 22. a4 Qb4 23. Rc3 (23. Qe1 $11 Rd2 24. a5) 23... Rbd8 $1 $15 {Hoping for ...Rd2.} 24. Nc7 Bc8 {Black is more active.} (24... Rxc3 $6 25. bxc3 Qxc3 26. Nxe6 fxe6 27. Rb1 $11) 25. Rc2 (25. Qe1 $17 {was necessary.} Qxb2 26. Nb5 (26. Bxd3 $2 exd3 27. Qc1 Qxc1+ 28. Rcxc1 f4 $19)) 25... f4 {And now ...e3 would win.} 26. a5 fxg3 (26... f3 $1 $19 {[%cal Rf3e2]} 27. Qe1 Qxe1 28. Rxe1 Rd1 29. Rxd1 Rxd1) 27. hxg3 $17 Qd4 $2 (27... e3 $1 $17 {keeps the pressure on. White must now prevent ...Rd2.} 28. a6 (28. Qxd3 $2 Rxd3 29. Bxd3 Qd4 $19) 28... exf2+ 29. Qxf2 e4) 28. Ra3 (28. Nb5 $1 $16 {[%cal Rb5d4]} Qb4 29. Na7) 28... Bf8 (28... Bf5 $11 {keeps the balance.}) 29. Nb5 $16 Qd7 {Threatens to win with ...Ba6.} 30. Qxe4 $2 {[%mdl 8192] This move loses the game for White.} Rd1 $36 {[%mdl 2048] Keeping White busy.} 31. Rb3 $2 ({Avoid the trap} 31. Qxe5 $2 Rxf1+ $1 {[%mdl 512]} 32. Kxf1 Qd1+ 33. Kg2 Bb7+ 34. Kh3 Rd5 35. Qxd5 Bxd5 $19) (31. Rd3 Qh3 32. Rxd1 Rxd1 33. Qg2) 31... Bb7 {[%cal Od7h3] ( -> ...Qh3!)} 32. Qe2 Qd5 (32... Qh3 $142 33. f3 {[#]} Bc5+ $1 {[%mdl 512]} 34. Rxc5 R8d2 35. Rc8+ Bxc8 36. g4 Rxf1+ $1 {[%mdl 512]} 37. Qxf1 Qh2#) 33. f3 Qxb3 34. Rc3 Qd5 {...Qe6 is the strong threat.} 35. Nc7 Qxa5 {Black mates.} 36. Nb5 Qa1 37. Na3 {[#]} Rxf1+ $1 38. Qxf1 Rd1 {Weighted Error Value: White=1.04/Black=0.35} 0-1

[Event "Marienbad IM-II 2022"]
[Site "Marianske Lazne"]
[Date "2022.01.20"]
[Round "7.19"]
[White "Vojta, Jakub"]
[Black "Pisk, Petr"]
[Result "1-0"]
[WhiteElo "2289"]
[BlackElo "2328"]
[Annotator "TA"]
[PlyCount "109"]
[EventDate "2022.01.15"]
[EventType "tourn"]
[EventCountry "CZE"]
[SourceTitle "playchess.com"]
[Source "ChessBase"]
[SourceQuality "1"]

{[%evp 15,109,37,41,20,58,55,56,35,57,45,56,56,72,56,75,33,48,50,55,35,36,29,44,41,44,45,52,52,56,17,52,41,60,58,65,63,69,43,68,22,60,57,65,65,75,34,93,65,81,71,266,264,303,305,307,312,312,312,304,300,253,251,252,243,548,530,518,508,506,225,965,965,1228,1512,1185,877,1025,1016,1009,995,972,944,961,946,913,918,845,769,29970,29971,29966,29967,29979,29980,6452,6079]} 1. Nf3 d6 2. e4 e5 3. d4 exd4 4. Nxd4 Nf6 5. Nc3 Be7 6. Be2 O-O 7. O-O Nc6 8. Be3 Re8 9. f4 {C41: Philidor Defence.} Bf8 10. Bf3 Bd7 11. Kh1 {White is slightly better.} Nxd4 12. Bxd4 Bc6 {[%cal Rf6e4]} 13. Qd3 Nd7 14. Rad1 a6 {[#]} 15. b4 $146 (15. a4 $16) ({Predecessor:} 15. Ne2 Qe7 16. Ng3 g6 17. c4 Bh6 18. Bg4 Nf6 19. Bxf6 Qxf6 20. b3 Qh4 21. h3 Re7 22. a4 Rae8 23. Rde1 f5 24. Bxf5 Bxf4 {0-1 (24) Boulay,D (2083)-Rousseau,D (2044) Montreal 2003}) 15... Nb6 16. a3 Qd7 17. Bxb6 (17. Kg1 {feels hotter.} Rad8 18. Rf2 Qe7 19. g3 Na4 20. Nd5) 17... cxb6 18. Nd5 Bxd5 19. Qxd5 Qc7 20. c4 Rac8 21. Bg4 Rcd8 22. Rd4 Be7 23. Rfd1 Bf6 24. R4d3 g6 25. g3 Kg7 26. Kg2 Kg8 27. Kf3 (27. h4 $14 {is more appropriate.}) 27... Kg7 28. h4 h5 29. Bh3 Rh8 30. a4 ({White should try} 30. Kg2 $16) 30... Qb8 (30... Rhe8 $14) 31. a5 {White is more active.} Qc7 32. Rb1 bxa5 $2 {[#] This move loses the game for Black.} (32... Rhf8 $16) 33. bxa5 $18 Rb8 34. Rdb3 {[%cal Rb3b7] Inhibits b6.} ({Not} 34. Qxd6 Qxc4 35. Rb6 Bc3 $16) 34... Qc5 35. Qxc5 ({Weaker is} 35. Rxb7 Qa3+ 36. Kg2 Qa2+ 37. Kf3 Qa3+ 38. Kg2 Qa2+ 39. Kf3 Qa3+ $11) 35... dxc5 36. Rxb7 Rxb7 37. Rxb7 {[%mdl 4096] Endgame KRB-KRB} Bc3 38. Ra7 Rd8 39. Be6 ({Less strong is} 39. Rxa6 Rd3+ 40. Kf2 Rd2+ 41. Kf1 Ra2 $14) 39... Bxa5 $2 (39... Rf8 40. Bd5 Bxa5) 40. Rxf7+ Kh8 41. Bd5 {[#] e5 is the strong threat.} Rb8 42. Rb7 {Prevents Rb3+.} (42. e5 $142) 42... Rf8 $2 (42... Rxb7 43. Bxb7 Kg8) 43. e5 Bd8 44. Ke4 a5 45. Kd3 a4 46. Ra7 Bb6 47. Rxa4 Kg7 48. Ke4 Rb8 49. Ra6 Kf8 50. f5 gxf5+ 51. Kxf5 Bd8 52. Ke6 Bc7 53. Bc6 Bb6 54. Ra8 Rxa8 55. Bxa8 {Weighted Error Value: White=0.17 (very precise) /Black=0.51} 1-0

[Event "Marienbad IM-II 2022"]
[Site "Marianske Lazne"]
[Date "2022.01.20"]
[Round "7.20"]
[White "Klek, Hanna Marie"]
[Black "Richter, Nils"]
[Result "1/2-1/2"]
[WhiteElo "2341"]
[BlackElo "2270"]
[Annotator "TA"]
[PlyCount "94"]
[EventDate "2022.01.15"]
[EventType "tourn"]
[EventCountry "CZE"]
[SourceTitle "playchess.com"]
[Source "ChessBase"]
[SourceQuality "1"]

{[%evp 11,94,25,33,29,23,32,27,33,44,9,18,21,14,9,16,16,9,16,7,16,7,17,0,0,0,-198,-197,-218,-177,-180,-176,-175,-185,-222,69,60,124,66,128,0,37,0,0,0,0,0,19,0,0,-51,-51,-50,-51,-51,-37,-51,-42,-52,-44,-44,-26,-29,-37,-51,14,-52,0,0,0,0,0,-15,-18,-37,-40,-37,0,0,27,0,0,0,0,0,0]} 1. e4 c5 2. Nf3 e6 3. d4 cxd4 4. Nxd4 Nc6 5. Nc3 Qc7 6. Be3 a6 7. Qf3 {B48: Sicilian: Taimanov: 5 Nc3 Qc7 6 Be3 a6 without Be2.} Nf6 {[%cal Of8a3]} 8. O-O-O Ne5 $1 {8...Ne5 is better than 8...Be7.} 9. Qg3 {White has an edge.} b5 $1 10. a3 {Black should prevent f4.} (10. f4 $5 {[%cal Rf4e5]} Neg4 11. Bg1 $11) 10... Bb7 {[#]} 11. Bxb5 $1 {Black must now prevent Ba4.} Rc8 $1 (11... axb5 12. Ndxb5 Qb8 13. Bb6 $16) 12. Ba4 (12. Bf4 Nh5 $1 13. Nxe6 (13. Bxe5 $2 Nxg3 14. Bxc7 Nxh1 $19) 13... fxe6 14. Bxe5 Nxg3 $17) 12... Nxe4 13. Nxe4 Bxe4 14. Bf4 Qa5 15. Bxe5 Qxa4 16. Rd2 h5 17. Re1 Bg6 {[%cal Of8b4] [#]} 18. h4 $146 {[#]} (18. Kb1 $11 {and White stays safe.}) ({Predecessor:} 18. Bd6 Qc4 19. b3 Bxd6 20. Qxd6 Qc7 21. Qxc7 Rxc7 22. f4 Kd8 23. Re5 Kc8 24. Ra5 {1-0 (51) Deac,B (2621)-Gordon,S (2516) Benasque 2019}) 18... Bb4 $1 $19 {[%mdl 512]} 19. c3 {[#]} (19. Ree2 Bxd2+) 19... O-O $1 {[%cal Oc8c3] ...Rxc3+! is the strong threat.} 20. Nc2 Be7 21. f4 Rc4 22. Bd4 {[%cal Of4f5] Hoping for f5!} Rxd4 $2 23. Nxd4 $14 {[%cal Of4f5]} Bf6 (23... Bd6 $14) 24. Ree2 (24. f5 $1 $16 {[%cal Rf5g6]} Bh7 25. Qd6 (25. fxe6 fxe6 26. Rf1 Qc4 $14)) 24... Rc8 {[#]} (24... Bh7 $14) 25. Qe3 (25. f5 $1 $16 {[%cal Rf5g6]} Bh7 (25... exf5 26. Qf4) 26. Qf3 $1 (26. fxe6 dxe6 27. Qf3 Bxh4 $11)) 25... Qc4 26. Kd1 {[%cal Bc1d1,Bd1e1,Be1f2,Bf2g2][%mdl 32]} (26. f5 $5 {[%cal Rf5g6]} exf5 27. Qf4 $14) 26... Bxh4 27. g3 $1 {Really sharp!} Bf6 28. Ke1 d6 29. Nf3 Qc6 30. Rd1 (30. Kf2 $11) 30... Bf5 $15 {[%mdl 1024] Black has compensation.} 31. Red2 Bg4 {A strong pair of Bishops.} 32. Kf2 Rb8 33. Re1 Bd8 34. Nd4 Qc8 35. Kg2 Bb6 36. Qe4 {And now Nc6 would win.} d5 37. Qd3 Bd8 ({Better is} 37... a5 $15) 38. Rc1 ({White should play} 38. f5 $1 $11) 38... Bf6 (38... Qb7 $15) 39. c4 $11 dxc4 40. Rxc4 Qb7+ 41. Nc6 (41. Kh2 $5 {[%cal Rd4c6]}) 41... Rd8 ({Much less strong is} 41... Bxb2 42. Qd6 Rc8 {[#]} 43. Qb4 $1 $14 (43. Rb4 Qxc6+ 44. Qxc6 Rxc6 $11)) 42. Qc2 Rxd2+ 43. Qxd2 Bxb2 44. Qb4 Qb5 {aiming for ...Qd5+.} 45. Qxb5 axb5 {The position is equal.} 46. Rb4 {[%csl LRb2,LRb5]} Bxa3 47. Rxb5 Bd6 {Weighted Error Value: White=0.25 (precise) /Black=0.26 (precise)} 1/2-1/2

[Event "Marienbad IM-II 2022"]
[Site "Marianske Lazne"]
[Date "2022.01.21"]
[Round "8.15"]
[White "Redzisz, Michal"]
[Black "Gnojek, Petr"]
[Result "1/2-1/2"]
[WhiteElo "2261"]
[BlackElo "2257"]
[Annotator "TA"]
[PlyCount "39"]
[EventDate "2022.01.15"]
[EventType "tourn"]
[EventCountry "CZE"]
[SourceTitle "playchess.com"]
[Source "ChessBase"]
[SourceQuality "1"]

{[%evp 19,39,0,0,0,0,0,0,0,2,4,31,33,35,6,35,43,43,40,43,42,43,28]} 1. d4 d6 2. Nf3 g6 3. g3 Bg7 4. Bg2 Nd7 5. O-O e5 6. dxe5 dxe5 7. e4 Ngf6 8. Nbd2 O-O 9. b3 Re8 10. Bb2 b6 11. Qe2 {A07: Réti Opening: New York and Capablanca Systems.} Bb7 12. Rad1 Qe7 {[#]} 13. Ne1 $146 {The position is equal.} ({Predecessor:} 13. h3 Rad8 14. Nh2 Qc5 15. Nc4 Ba6 16. Ng4 Bxc4 17. bxc4 Nxg4 18. hxg4 Nb8 19. Rd5 {1-0 (55) Guzman Moneo,A (2185)-Sebastian Lorente,M (2085) Zaragoza 1997}) 13... Nc5 14. Ba3 a5 15. Nd3 Ba6 16. Nc4 Nfd7 17. Bh3 {[#] And now Bxd7 would win. White is slightly better.} Bxc4 18. bxc4 {Bxd7 is the strong threat.} Qf6 19. Nxc5 Nxc5 20. Bxc5 {Weighted Error Value: White=0.03 (flawless) /Black=0.07 (flawless)} 1/2-1/2

[Event "Marienbad IM-II 2022"]
[Site "Marianske Lazne"]
[Date "2022.01.21"]
[Round "8.16"]
[White "Hari Charan Sai Kalluri"]
[Black "Richter, Nils"]
[Result "0-1"]
[WhiteElo "2160"]
[BlackElo "2270"]
[Annotator "TA"]
[PlyCount "92"]
[EventDate "2022.01.15"]
[EventType "tourn"]
[EventCountry "CZE"]
[SourceTitle "playchess.com"]
[Source "ChessBase"]
[SourceQuality "1"]

{[%evp 9,92,-8,-4,-6,-9,-2,-11,-15,0,0,-8,0,0,0,0,-14,-7,-41,-29,-22,-29,-26,-26,-70,-47,-100,-40,-103,-53,-91,-18,-34,-34,-59,0,0,0,-15,-16,-16,-16,-16,-17,-14,0,0,0,0,-6,-7,-8,-6,-8,-10,-18,-22,-16,-23,-12,-13,-16,-64,-31,-73,-67,-94,-70,-212,-212,-209,-205,-1018,-886,-1368,-916,-7285,-7285,-6464,-6539,-6520,-6512,-6206,-6039,-2443,-1202]} 1. c4 e6 2. Nf3 d5 3. d4 a6 4. Nc3 dxc4 5. a4 Nc6 {[%cal Bb8c6,Bc6a5,Ba5b3][%mdl 32]} 6. e3 $1 {D30: Queen's Gambit Declined: Systems without Nc3.} Na5 7. Ne5 {[%cal Oe5f7]} c5 8. Nxc4 {The position is equal.} Nf6 {To avoid d5} 9. dxc5 {Strongly threatening Qxd8+.} Qxd1+ 10. Kxd1 Nb3 11. Rb1 Bxc5 12. Kc2 Nxc1 {[#]} 13. Kxc1 $146 ({Predecessor:} 13. Rxc1 Bd7 14. Be2 Rc8 15. Ne5 Bb4 16. Kb3 Bxc3 17. bxc3 Bc6 18. Nxc6 Rxc6 19. a5 {0-1 (51) Wanyama,H (2312)-Villegas,P (2358) Chess.com INT 2020}) 13... Bb4 14. Na2 {Pair of Knights!} Be7 15. Nb6 Rb8 16. b4 (16. Kd2 $11 {was preferrable.}) 16... Bd8 17. Nc4 (17. Nxc8 $15 Rxc8+ 18. Kd2) 17... Nd5 (17... Bd7 $17 18. Nc3 Nd5 19. Nxd5 exd5) 18. Kb2 {[#]} (18. Nd6+ $15 Ke7 19. Nxc8+ Rxc8+ 20. Kd1) 18... Be7 (18... O-O $1 $17 19. Kb3 f5) 19. Ka3 b6 (19... b5 $17 20. Ne5 Bd6) 20. Ne5 Bb7 21. e4 Nxb4 22. Nxb4 $11 {Kb3 is the strong threat.} f6 23. Ka2 {Threatens to win with Nbc6.} Bxb4 24. Rxb4 {Black must now prevent Nc4.} fxe5 25. Bc4 Bxe4 26. Bxe6 Bg6 27. Re1 Rf8 28. f3 a5 29. Rg4 Rf4 30. Rxe5 Rxg4 31. Bxg4+ {[%mdl 4096] Endgame KRB-KRB} Kf8 32. Ka3 Rd8 33. Bf5 {To avoid Rd3+} Bf7 34. Rb5 (34. Bxh7 $2 g6 35. Bxg6 Bxg6 $19) 34... Rd6 35. h3 ({Don't blunder} 35. Bxh7 $2 g6 36. Bxg6 Rxg6 $19) (35. Bc2 $11) 35... h6 (35... Be8 $5 {[%cal Re8b5]} 36. Rb3 h6 $11) 36. Be4 (36. Rb2 $15 {is more appropriate.}) 36... Ke7 37. g4 g5 38. Kb2 {[#] This costs White the game.} (38. Rb2 $15) 38... Be8 $1 $19 39. Re5+ Re6 40. Rxe6+ (40. Rd5) 40... Kxe6 {KB-KB. Black is clearly winning.} 41. Kb3 Ke5 42. Ka3 Kf4 43. Kb3 Kg3 44. Bd5 Kxh3 45. Be4 Kg3 46. Bd5 b5 {Weighted Error Value: White=0.52/Black=0.09 (flawless)} 0-1

[Event "Marienbad IM-II 2022"]
[Site "Marianske Lazne"]
[Date "2022.01.21"]
[Round "8.17"]
[White "Pisk, Petr"]
[Black "Klek, Hanna Marie"]
[Result "1-0"]
[WhiteElo "2328"]
[BlackElo "2341"]
[Annotator "TA"]
[PlyCount "137"]
[EventDate "2022.01.15"]
[EventType "tourn"]
[EventCountry "CZE"]
[SourceTitle "playchess.com"]
[Source "ChessBase"]
[SourceQuality "1"]

{[%evp 14,137,0,-7,-5,-7,17,0,32,32,32,31,29,18,27,27,30,27,39,35,41,54,52,57,84,96,82,83,64,79,77,0,4,3,26,16,21,18,27,25,47,42,62,47,133,142,135,139,222,253,233,131,129,129,117,127,127,0,0,0,0,0,0,0,0,0,0,0,7,0,23,23,23,24,24,24,24,0,24,0,0,0,0,0,0,4,239,202,249,239,242,8,8,0,8,0,8,8,8,0,45,0,63,8,71,8,8,8,8,8,8,0,8,8,202,202,203,203,1347,1226,29967,29968,29966,29969,29964,4614]} 1. d4 d5 2. Nf3 Nf6 3. g3 e6 4. Bg2 Be7 5. O-O O-O 6. Nbd2 c5 7. e3 Nc6 8. b3 cxd4 {D02: 1 d4 d5 2 Nf3 sidelines, including 2...Nf6 3 g3 and 2...Nf6 3 Bf4.} 9. exd4 Bd7 10. Bb2 Qb6 {The position is equal.} 11. Re1 {[#]} Rfc8 $146 ({Predecessor:} 11... Rac8 12. Ne5 Rfd8 13. Nxd7 Rxd7 14. c3 Qd8 15. Bf1 Rb8 16. a4 a6 17. b4 b5 {1-0 (56) Azmaiparashvili,Z (2678)-Flear,G (2503) Saint Vincent 2003}) 12. Bf1 Be8 13. c3 a5 {[%cal Oa5a4]} 14. a4 Bf8 15. Bd3 Ne7 16. Ne5 Nf5 17. g4 {[%cal Bg3g4,Bg4g5][%mdl 32]} Nd6 18. g5 Nfe4 19. Nxe4 dxe4 20. Bxe4 Nxe4 21. Rxe4 f6 22. Nd3 (22. gxf6 $16 gxf6 23. Ng4) 22... Bg6 $11 23. Re3 $36 {[%mdl 2048] And now gxf6 would win. Black is under pressure.} fxg5 24. Ne5 Bf5 25. Ba3 Bxa3 26. Rxa3 Rc7 27. Ra2 {[%cal Ba3a2,Ba2d2,Bd2d5,Bd5d6][%mdl 32]} Rf8 28. Rd2 Qd6 (28... Re7 $14) 29. d5 $1 $16 exd5 30. Rxd5 Qf6 (30... Qb6 $16 {might work better.}) 31. Rd6 $1 $18 Be6 32. Nf3 {Active counter play!} (32. Qe1 $1 $18) 32... Rc6 $16 {aiming for ...Rxd6.} 33. Rexe6 {[%cal Be3e6,Be6d6,Bd6d8,Bd8c8,Bc8c5,Bc5b5][%mdl 32]} Rxd6 34. Rxd6 Qxf3 35. Qxf3 ({White has to play} 35. Qd5+ $16 Qxd5 36. Rxd5) 35... Rxf3 {[%mdl 4096] Endgame KR-KR} 36. Rd8+ Kf7 37. Rc8 Kg6 38. Kg2 Rf6 39. Rc5 b6 40. Rb5 Kh5 41. Kg3 h6 42. h4 Rd6 43. hxg5 hxg5 44. c4 {White wants to play f4.} Kg6 45. Rd5 Rf6 46. c5 bxc5 47. Rxc5 Rd6 48. Rxa5 Rd3+ 49. Kg4 Rxb3 $2 (49... Rd4+ $11 50. Kf3 Rd3+ 51. Kg4 Rd4+ 52. Kh3 Rd3+ 53. Kg4) 50. Rxg5+ $18 Kh6 51. Rb5 {Prevents Rb4+.} Ra3 52. Rb4 (52. Rb6+ $18 g6 53. Ra6) 52... g6 $11 53. Kf4 Ra2 54. f3 Ra3 55. Kg4 Ra1 56. Kf4 Ra3 57. Kg4 Ra1 $1 58. f4 (58. Rc4 $14) 58... Kg7 (58... Ra3 $11 {remains equal.}) 59. Rb7+ ({White should play} 59. Kf3 $1 $16 {[%cal Rf3e4]}) 59... Kf6 60. Rb6+ Kf7 61. Ra6 Ra3 62. a5 {[%cal Ba4a5,Ba5a6,Ba6a7][%mdl 32]} Kg7 63. Ra8 {Threatens to win with f5.} (63. Kg5 $6 Rg3+ 64. Kh4 Rf3 $16) 63... Kf6 $2 {Inhibits f5.} (63... Kf7 $1 $11 {and Black is okay.}) 64. a6 $18 Kg7 {[#]} 65. f5 $1 {[%cal Bf4f5,Bf5f6][%mdl 32] Strongly threatening fxg6.} Kf7 $2 (65... Ra5 66. fxg6 Kxg6) 66. Kg5 {White threatens Ra7+ and mate.} (66. a7 gxf5+ 67. Kf4 (67. Kxf5 Kg7 $11) 67... Ra4+ 68. Kg5 (68. Kxf5 Kg7 $11) 68... Kg7 $11) 66... Rg3+ 67. Kf4 {White mates.} Ra3 68. a7 Kg7 {[#]} 69. f6+ $1 {Weighted Error Value: White=0.22 (precise) /Black=0.19 (very precise)} ({And not} 69. fxg6 Ra5 $11) 1-0

[Event "Marienbad IM-II 2022"]
[Site "Marianske Lazne"]
[Date "2022.01.21"]
[Round "8.18"]
[White "Michalek, Jan"]
[Black "Vojta, Jakub"]
[Result "0-1"]
[WhiteElo "2240"]
[BlackElo "2289"]
[Annotator "TA"]
[PlyCount "98"]
[EventDate "2022.01.15"]
[EventType "tourn"]
[EventCountry "CZE"]
[SourceTitle "playchess.com"]
[Source "ChessBase"]
[SourceQuality "1"]

{[%evp 16,98,-15,-15,33,25,25,-31,-29,-34,-31,-36,-25,-54,-24,-27,-16,-26,-20,-64,-65,-79,-85,-80,-61,-143,-142,-173,-170,-175,-183,-204,-153,-173,-128,-204,-95,-106,-99,-107,-113,-100,-87,-141,-131,-131,-81,-92,-64,-106,-99,-125,33,0,0,-17,5,0,155,52,49,-14,-15,-44,-45,-47,-58,-44,-21,-99,-33,-83,-63,-68,-40,-98,-89,-180,-179,-166,-160,-275,-239,-224,-205]} 1. e4 e6 2. Qe2 c5 3. Nf3 Nc6 4. g3 Be7 5. Bg2 d5 6. d3 Nf6 7. O-O O-O 8. e5 Nd7 9. c4 b5 {C00: French: Unusual White 2nd moves.} (9... a6 $11 {is superior.}) 10. cxb5 $14 Na5 11. Nc3 (11. Qc2 $11) 11... a6 $15 {Black is slightly better.} 12. bxa6 Bxa6 13. Rd1 Nc6 14. h4 Rb8 15. Bf4 Rb4 {[#]} 16. b3 $146 ({Predecessor:} 16. Rac1 h6 17. b3 Re8 18. Na4 Rb8 19. Qd2 Nb4 20. Bf1 d4 21. Ra1 Nd5 22. Bg2 {1-0 (50) Maiwald,J (2452)-Atlas,D (2174) Austria 2018}) 16... Bxh4 17. a3 (17. Nxh4 $11 {might be stronger.} Rxf4 18. gxf4 Qxh4 19. Qf3) 17... Rxb3 18. Qc2 {[#]} Rxc3 19. Qxc3 Be7 20. d4 {[#]} (20. Qc2 $15) 20... Be2 $1 $17 21. Re1 Bxf3 22. Qxf3 Nxd4 23. Qd3 Qa5 (23... Bg5 24. Bxg5 Qxg5 25. f4) 24. a4 Nb8 {Pair of Knights!} (24... Qa7 $19 25. Qd1 c4) 25. Bd2 (25. Be3 $17 {was called for.}) 25... Qa6 (25... Qc7 $19 {is more deadly.} 26. Bc3 Nb3) 26. Qxa6 Nxa6 27. Rab1 c4 28. Rb7 Nb3 29. Bf4 (29. Rd1 $142 Nxd2 30. Rxd2) 29... Bc5 30. Rb1 Nb4 (30... Bd4 $142 {aiming for ...Nac5.} 31. R1xb3 cxb3 32. Rxb3 Nc5) 31. Bf1 h6 32. Rb5 (32. Be2 $15) 32... Rc8 33. a5 {[#]} Rc6 $2 {Black is much more active.} (33... Bf8 $1 $17 34. Bc1 Ra8) 34. Rb8+ {[%mdl 1024] White has compensation.} (34. Be3 $5 {[%cal Re3c5]} Bf8 35. Rb8 $14) 34... Kh7 35. Rb7 Kg8 36. Rb8+ Bf8 $2 ({Better is} 36... Kh7 $11) 37. Be3 (37. Bc1 $16 {Black must now prevent Ba3.} Nxc1 38. R1xb4 (38. Rxc1 g5 $11)) 37... g5 $1 $14 38. Ra8 (38. Kg2 $14) 38... Kg7 $1 $11 39. a6 Nxa6 {Chess con chili.} ({Reject} 39... Rxa6 40. Rxa6 Nxa6 41. Rxb3 cxb3 42. Bxa6 $11) 40. Rxa6 Rxa6 41. Rxb3 $1 Ra1 42. Rc3 (42. Rb2 $11) 42... Bb4 (42... Kg6 $17 43. Rc2 Kf5) 43. Rc1 (43. Rc2 $15) 43... Rxc1 44. Bxc1 Kg6 $1 45. f4 ({White should try} 45. Be2 $15) 45... Kf5 46. Kf2 (46. Be2 $17 {might work better.}) 46... g4 $19 47. Be3 h5 48. Be2 (48. Bg2 $17 {keeps fighting.}) 48... Ke4 {[%cal Ob4e1]} 49. Bb6 c3 {Weighted Error Value: White=0.32/Black=0.24 (precise)} 0-1